000 00732nam a2200229Ia 4500
003 OSt
005 20220923225318.0
006 a|||||r|||| 00| 0
007 ta
008 220922b |||||||| |||| 00| 0 hin d
024 _a263,045
037 _cTextual
040 _aARTS
_cARTS
_bhin
041 _2hin
_ahin
082 _aO152,3N212:g, N4
100 _aअशोक कुमार, संपा.
_9156315
245 0 _aफणीश्वरनाथ रेणु
_b सृजन और संदर्भ
246 _aFaṇīshvaranāth reṇu: sṛujan aur sandarbha
260 _c1994
942 _hO152,3N212:g, N4
_cTEXL
_2CC
999 _c377491
_d377491